Powiaty bez liter M, A, Z, O, W, S, Z, E - Statystyki

Ogólne statystyki
  • Ten quiz został rozwiązany 13 razy
    12 od ostatniego zresetowania
  • Średni wynik to 4 z 11
Statystyki odpowiedzi
Województwo Powiat Populacja % Poprawnych
łódzkie miasto {Łódź} 645,693
100%
lubelskie miasto {Lublin} 328,305
100%
śląskie miasto {Tychy} 120,518
55%
śląskie miasto {Rybnik} 129,817
45%
pomorskie pucki 91,216
36%
podkarpackie dębicki 135,299
18%
opolskie prudnicki 55,237
18%
śląskie rybnicki 76,774
18%
lubelskie rycki 55,530
18%
warmińsko-mazurskie giżycki 56,565
9%
zachodniopomorskie gryficki 60,277
9%
Nie znaleziono quizów pasujących do podanych kryteriów
Rozkład punktacji
Procent ludzi z każdym wynikiem
Percentyl według liczby udzielonych odpowiedzi
Twoja historia wyników
Nie rozwiązałeś tego quizu od ostatniego zresetowania